Δρόμοι του κωμικού : υλικό σεμιναρίου

Αποθηκεύτηκε σε:
Λεπτομέρειες βιβλιογραφικής εγγραφής
Άλλοι συγγραφείς: Γκόβας, Νίκος (Επιμελητής έκδοσης)
Μορφή: Βιβλίο
Γλώσσα:Greek
Δημοσίευση: Αθήνα : Πανελλήνιο Δίκτυο για το Θέατρο στην Εκπαίδευση, 2004.
Θέματα:
Ετικέτες: Προσθήκη ετικέτας
Δεν υπάρχουν, Καταχωρήστε ετικέτα πρώτοι!

MARC

LEADER 00000nam a2200000 a 4500
001 1/115515
008 171129s2004####gr | ||| |||| ||gre||
020 |a 9608731771 
040 |a GR-MyUa  |b gre  |c GR-MyUa  |e AACR2 
041 0 |a gre 
082 7 |a 372.66   |2 (23) 
245 0 0 |a Δρόμοι του κωμικού :   |b υλικό σεμιναρίου /   |c επιμέλεια: Νίκος Γκόβας.  
260 |a Αθήνα :   |b Πανελλήνιο Δίκτυο για το Θέατρο στην Εκπαίδευση,   |c 2004.  
300 |a 58 σ. :   |b φωτ. ;   |c 28 εκ.  
500 |a Το παρόν αποτελεί υλικό σεμιναρίου από την 3η καλοκαιρινή κατασκήνωση που έγινε στις Σπέτσες 20-27 Αυγούστου 2004.  
504 |a Περιέχει βιβλιογραφικές παραπομπές.  
650 0 |a Theater  |x Study and teaching. 
650 0 |a Drama in education  |z Greece. 
650 0 |a Activity programs in education  |z Greece. 
700 1 |a Γκόβας, Νίκος,  |e edt 
710 1 |a Πανελλήνιο Δίκτυο για το Θέατρο στην Εκπαίδευση,  |e pbl 
852 |a INST  |b RHODES  |e 20171129  |h 372.66 ΔΡΟ  |p 005400039681  |q 005400039681  |t BK  |y 0 
920 |a Πανελλήνιο Δίκτυο για το θέατρο στην Εκπαίδευση  |y Ρόδος  |z 2017-11 
970 |z 29-11-2017